MVRDV. agendas on urbanism (Record no. 12736)

000 -LEADER
fixed length control field 00304 a2200133 4500
003 - CONTROL NUMBER IDENTIFIER
control field OSt
005 - DATE AND TIME OF LATEST TRANSACTION
control field 20240711181245.0
008 - FIXED-LENGTH DATA ELEMENTS--GENERAL INFORMATION
fixed length control field 240711b ||||| |||| 00| 0 eng d
020 ## - INTERNATIONAL STANDARD BOOK NUMBER
International Standard Book Number 9788997603008
082 ## - DEWEY DECIMAL CLASSIFICATION NUMBER
Classification number 711.42
245 ## - TITLE STATEMENT
Title MVRDV. agendas on urbanism
260 ## - PUBLICATION, DISTRIBUTION, ETC. (IMPRINT)
Name of publisher, distributor, etc Equal Books
Date of publication, distribution, etc 2012
942 ## - ADDED ENTRY ELEMENTS (KOHA)
Source of classification or shelving scheme
Holdings
Withdrawn status Lost status Source of classification or shelving scheme Damaged status Koha normalized classification for sorting Not for loan Permanent location Current location Date acquired Source of acquisition Cost, normal purchase price Full call number Barcode Date last seen Cost, replacement price Price effective from Koha item type
        711_420000000000000   BMS College of Architecture, Design and Planning BMS College of Architecture, Design and Planning 2024-07-08 1 7431.75 711.42 AR-UG3941 2024-07-08 9909.00 2024-07-08 B.PLAN
Copyright © 2025, The Librarian, Library and Information Centre, BMSCA D&P, Bengaluru. All Rights Reserved
web counter

Powered by Koha